日本三大稲荷 - Statistics

General Stats
  • This quiz has been taken 95 times
  • The average score is 2 of 14
Answer Stats
Answer % Correct
伏見稲荷大社
91%
豊川稲荷
58%
祐徳稲荷神社
27%
笠間稲荷神社
20%
最上稲荷山妙教寺
8%
瓢箪山稲荷神社
6%
千代保稲荷神社
3%
竹駒神社
2%
源九郎稲荷神社
1%
草戸稲荷神社
1%
志和稲荷神社
0%
箭弓稲荷神社
0%
鼻顔稲荷神社
0%
太皷谷稲成神社
0%
No matching quizzes found
Score Distribution
Percent of People with Each Score
Percentile by Number Answered
Your Score History
You have not taken this quiz